| 000 | 00453cam a2200181ua 4500 | ||
|---|---|---|---|
| 001 | 5178 | ||
| 008 | 120808n ii |||gr||||Z||||||eng | ||
| 040 | _cMAIN | ||
| 082 | _a821 | ||
| 100 |
_aWilliam, H. M., _eAuthor, |
||
| 245 | 1 | 1 |
_aSix ages of english poetry _cby H. M. William |
| 250 | _a1st. | ||
| 260 |
_aCalcutta: _bPrasad library, _c1968. |
||
| 300 |
_a32p: _c15cm. |
||
| 653 | _aEnglish poetry | ||
| 700 |
_aBhattacharyya, _eEditor, |
||
| 942 | _cBK | ||
| 999 |
_c4360 _d4360 |
||